| 000 | 01010nam0a22002291 4500 | ||
|---|---|---|---|
| 001 | rc\1116898 | ||
| 005 | 20260407101509.0 | ||
| 035 | _a(NLR Aleph) 006360299 | ||
| 090 |
_a4895012 _c4895012 |
||
| 100 | _a20041126d1981 |||y0rusy50 ca | ||
| 101 | 0 | _arus | |
| 102 | _aRU | ||
| 105 | _ay ||||||||| | ||
| 200 | 1 |
_aРекомендации по внедрению бригадного подряда на горных предприятиях цветной металлургии _fМ-во цв. металлургии СССР. Центр по НОТ и управления пр-вом в цв. металлургии |
|
| 210 |
_aМ. _cБ. и. _d1981 |
||
| 215 |
_a62 с. _d20 |
||
| 712 | 0 | 2 |
_aЦентр по научной организации труда и управления производством в цветной металлургии _cМосква _3RU\NLR\AUTH\889929086 _9353695 |
| 801 | 0 |
_aRU _bNLR _gpsbo |
|
| 801 | 1 |
_aRU _bELAR _2rusmarc |
|
| 852 |
_aNLR _j82-4/9755 |
||
| 942 | _cBOOK | ||
| 980 | _aNB | ||